Państwa sąsiadujące z Polską. - Statystyki

Ogólne statystyki
  • Ten quiz został rozwiązany 7 426 razy
  • Średni wynik to 6 z 7
Statystyki odpowiedzi
Odpowiedź % Poprawnych
Niemcy
97%
Czechy
92%
Rosja
91%
Ukraina
90%
Litwa
85%
Słowacja
85%
Białoruś
84%
Nie znaleziono quizów pasujących do podanych kryteriów
Rozkład punktacji
Procent ludzi z każdym wynikiem
Percentyl według liczby udzielonych odpowiedzi
Twoja historia wyników
Nie rozwiązałeś tego quizu